000 00885aam a2200301 i 4500
999 _c66581
_d66581
001 768714001
003 CO-MdFUSB
005 20200812172236.0
007 ta
008 200812s1981 -us |||| |||| 00| 0 eng d
020 _a0913573248
040 _bspa.
_aCO-MdFUSB
_cCO-MdFUSB
_dCO-MdFUSBC
_erda
041 _aeng
082 0 4 _223
_a483
_bT369ne
100 1 _aThayer, Joseph Henry
_eautor
245 1 4 _aThe new thayer's greek-english lexicon of the New Testament
_c/ Joseph Henry Thayer
264 1 _aEstados Unidos :
_bHendrickson Publishers,
_c[1981]
264 4 _c© 1981
300 _a722 Páginas
_c; 24 cm
336 _2rdacontent
_asonidos
_btdi
337 _2rdamedia
_aotro
_bn
338 _2rdacarrier
_avolumen
_bnc
563 _aTapa dura
650 7 _aEnciclopedias y diccionarios
_9423
942 _cREF
945 _aJTF-925